| 000 | 00853nam a22002057a 4500 | ||
|---|---|---|---|
| 999 |
_c62140 _d62140 |
||
| 005 | 20240723103426.0 | ||
| 008 | 240723s2015 ge ||||| |||| 00| 0 ger d | ||
| 020 | _a 9783476025975 X | ||
| 041 | _ager | ||
| 080 | _a821.112.1 K-82 | ||
| 100 |
_aDetlef Kremer _dAuthor _922898 |
||
| 245 |
_a Romantik : _bLehrbuch Germanistik / _cDetlef Kremer, Andreas B. Kilcher |
||
| 250 | _a4. aktualisierte Auflage, | ||
| 264 |
_aStuttgart: _bVerlag, _c2015. |
||
| 300 |
_a x, 344 pages _b23 cm. |
||
| 653 | _a 1700-1899 Criticism, interpretation, etc German literature German literature 18th century History and criticism German literature 18th century Themes, motives | ||
| 653 | _aგერმანული ლიტერატურა,რომანტიზმი | ||
| 700 |
_aKilcher, Andreas B. _eAuthor _922899 |
||
| 942 |
_2udc _cᲬᲘᲒᲜᲘ |
||